International encyclopedia of hospitality management

Salvato in:
Dettagli Bibliografici
Altri autori: Pizam, Abraham
Natura: Libro
Lingua:inglese
Pubblicazione: Oxford Elsevier Butterworth-Heinemann 2005
Soggetti:
Tags: Aggiungi Tag
Nessun Tag, puoi essere il primo ad aggiungerne!!

MARC

LEADER 00000nam$a2200000$$$4500
001 0036603
005 20221129082708.6
020 |a 0-7506-5996-3 
041 0 |a eng 
044 |a GB 
245 1 0 |a International encyclopedia of hospitality management  |c chief editor Abraham Pizam 
264 1 |a Oxford  |b Elsevier Butterworth-Heinemann  |c 2005 
300 |a xxviii, 685 s. 
610 2 0 |a zariadenia stravovacie 
610 2 0 |a zariadenia ubytovacie 
610 2 0 |a reštaurácie 
610 2 0 |a pohostinstvo 
610 2 0 |a hotelierstvo 
610 2 0 |a manažment 
610 2 0 |a marketing 
610 2 0 |a zdroje ľudské 
700 1 |a Pizam, Abraham